Further ahead : a communication skills course for business english /
Guardado en:
| Autor Principal: | |
|---|---|
| Otros Autores: | |
| Formato: | Libro |
| Publicado: |
Cambridge :
Cambridge University Press,
1998
|
| Materias: | |
| Etiquetas: |
Agregar Etiqueta
Sin Etiquetas, Sea el primero en etiquetar este registro!
|
| LEADER | 00559nam a22001815a 4500 | ||
|---|---|---|---|
| 001 | CEM.cems012192 | ||
| 005 | 20060814162351.0 | ||
| 008 | 130507s1998##################000#0#####d | ||
| 003 | CEMS | ||
| 020 | |a 0521597862 | ||
| 082 | 0 | 4 | |a 428.64 |
| 100 | 1 | |a Jones Macziola, Sarah | |
| 245 | 1 | 0 | |a Further ahead : |b a communication skills course for business english / |c Learner´s Book / |
| 260 | |a Cambridge : |b Cambridge University Press, |c 1998 | ||
| 300 | |a 135 p. | ||
| 653 | |a Ingles | ||
| 700 | 1 | |a White, Greg | |
| 859 | |a CEMS |b BIB. CEMS - 11 de abril |h 428.64 |i J72-5 |p 23402.06 |t Ej.1 | ||
